000 00602nam a2200217Ia 4500
005 20241216010802.0
008 181213s9999||||xx |||||||||||||| ||und||
020 _a968-18-0360-4
082 _a632.9
_bA16
100 _aACADEMIA NACIONAL DE CIENCIAS
245 0 _aPLANTAS NOCIVAS Y COMO COMBATIRLAS
_bCONTROL DE PLAGAS DE PLANTAS Y ANIMALES
250 _a0
260 _aMEXICO
_bLIMUSA
_c1980
300 _a573 pag
_c23 cm
341 _h0
490 _v2
_a0
505 _aECOLOGIA-MANEJO-PLANTAS-HERBICIDAS-CONTROL
541 _aC
_d27-Sep-95
650 _aCIENCIAS APLICADAS
942 _cLIBRO
999 _c24000
_d24000